Učitavanje...

Amaram bhasha /

Bibliografski detalji
Glavni autor: Chandrasekharan Nair, C. K.
Jezik:Undetermined
Izdano: Kottayam : DCB , 2007.
Teme:
LEADER 00698nam a2200181Ia 4500
001 157521
008 170722s9999 xx 000 0 und d
020 |a 81267414375 
100 |a Chandrasekharan Nair, C. K. 
245 |a Amaram bhasha / 
260 |a Kottayam :  |b DCB ,  |c 2007. 
300 |a 232 p. 
653 |a Consonant 
923 |d 20080901  |n 000116 
942 |c GEN 
999 |c 137292  |d 137292 
952 |0 0  |1 0  |4 0  |6 P_15C4X11_32M8KRM81  |7 0  |9 193853  |a LIB  |b LIB  |d 2013-03-25  |e D C Books  |o P15,C:4x1,1 32M8(KR)-M8;1  |p 267960  |r 2017-08-12  |v 110.00  |w 2017-08-12  |y GEN 
952 |0 0  |1 0  |4 0  |6 P_15C4X11_32M8KRM81  |7 0  |9 193854  |a LIB  |b LIB  |d 2013-03-25  |e D C Books  |o P15,C:4x1,1 32M8(KR)-M8;1  |p 267961  |r 2017-08-12  |v 110.00  |w 2017-08-12  |y GEN